[Event "Vasylyshyn Mem"]
[Site "Lviv UKR"]
[Date "2008.10.23"]
[Round "3"]
[White "Margvelashvili,G"]
[Black "Ipatov,A UKR"]
[Result "0-1"]
[WhiteElo "2478"]
[BlackElo "2472"]

1.Nf3 d5 2.c4 c6 3.g3 Bg4 4.Bg2 e6 5.O-O Nd7 6.b3 Bd6 7.Bb2 Ngf6 8.d3 Qc7
9.Nbd2 h5 10.h3 h4 11.Nxh4 Bxh3 12.Bxh3 g5 13.cxd5 cxd5 14.Rc1 Qb8 15.Nf5 exf5
16.Bxf5 Bxg3 17.Bxd7+ Kxd7 18.Bxf6 Qf4 19.e3 Qh4 20.Kg2 Qh2+ 21.Kf3 Bxf2
22.Rg1 g4+ 23.Kxg4 Qh3+  0-1

[Event "WYCC Boys U16"]
[Site "Vung Tau City VIE"]
[Date "2008.10.23"]
[Round "5"]
[White "Raznikov,D"]
[Black "Wageih,K"]
[Result "1/2-1/2"]
[WhiteElo "2251"]
[BlackElo "2197"]

1.Nf3 d5 2.c4 c6 3.e3 Nf6 4.d4 Bf5 5.Nc3 e6 6.Nh4 Bg6 7.Nxg6 hxg6 8.g3 Nbd7
9.Bd2 Be7 10.b3 O-O 11.Bg2 dxc4 12.bxc4 e5 13.Qb3 Re8 14.O-O exd4 15.exd4 Nc5
16.dxc5 Qxd2 17.Rad1 Qg5 18.Qxb7 Qxc5 19.Qxc6 Rac8 20.Qxc5 Rxc5 21.Bd5 Bf8
22.Rd3 Rec8 23.Nd1 Ng4 24.Ne3 Nxe3 25.fxe3 R5c7 26.e4 Bc5+ 27.Kg2 Re7 28.Rdf3 Rcc7
29.Rb1 Rc8 30.g4 g5 31.Rf5 Be3 32.Rbf1 Rcc7 33.R1f3 Bd2 34.c5 g6 35.Rf6 Kg7
36.c6 Bc1 37.Rd6 Bf4 38.Rd8 Be5 39.h4 gxh4 40.g5 Bb2 41.Kh3 Bc1 42.Kxh4 Re5
43.Rg3 Bd2 44.Rg4 Be3 45.Rg2 Bf4 46.a4 Be3 47.a5 Bf4 48.a6 Be3 49.Rb8 Bd4
50.Kg4 Be3 51.Kf3 Bc1 52.Rb7 Ree7 53.Kg4 Ba3 54.Rg3 Bd6 55.Rf3 Be5 56.Rh3 Re8
57.Rhb3 Rec8 58.Rf3 Rf8 59.Rf6 Bh2 60.Kf3 Be5 61.Kg2 Kh7 62.Rf3 Kg7 63.Kf1 f6
64.Kg2 fxg5 65.Rxf8 Kxf8 66.Rb8+ Ke7 67.Rg8 Kf6 68.Rf8+ Ke7 69.Rg8 Kf6 70.Rh8 g4
71.Re8 Re7 72.Rd8 Rc7 73.Rg8 Rh7 74.Re8 Re7 75.Rxe7  1/2-1/2

[Event "Guernsey Open"]
[Site "Guernsey GCI"]
[Date "2008.10.24"]
[Round "6"]
[White "Goater,Kev"]
[Black "Spanton,T"]
[Result "1/2-1/2"]
[WhiteElo "2205"]
[BlackElo "1982"]

1.Nf3 d5 2.c4 e6 3.e3 Nf6 4.a3 c5 5.b3 Nc6 6.Bb2 Bd6 7.h3 e5 8.cxd5 Nxd5
9.Qc2 Qe7 10.d3 O-O 11.Nbd2 Bd7 12.Be2 Rac8 13.Ne4 Nf6 14.Nxd6 Qxd6 15.Rc1 b6
16.O-O Bf5 17.Qc3 Rfe8 18.Rfd1 Nd5 19.Qc2 Nf6 20.Nd2 Qd7 21.Kh2 Qc7 22.e4 Be6
23.g3 Qd7 24.Bf1 Nd4 25.Bxd4 cxd4 26.Qb2 Rxc1 27.Rxc1 Rc8 28.Rc2 Ne8 29.a4 Nd6
30.f4 f6 31.Nf3 Rxc2+ 32.Qxc2 Qc8 33.Qxc8+ Nxc8 34.b4 a5 35.bxa5 bxa5 36.fxe5 fxe5
37.Nxe5 Ne7 38.Be2 Bb3 39.Bg4 Bxa4 40.Nc4 Bb5 41.Nxa5 Bxd3 42.Nb3 Bxe4  1/2-1/2

[Event "WYCC Boys U14"]
[Site "Vung Tau City VIE"]
[Date "2008.10.24"]
[Round "6"]
[White "Kantans,T"]
[Black "Galehdari,B"]
[Result "1-0"]
[WhiteElo "2146"]
[BlackElo "1912"]

1.Nf3 d5 2.c4 e6 3.g3 Nf6 4.Bg2 Be7 5.O-O O-O 6.d4 dxc4 7.Ne5 Nc6 8.Nxc6 bxc6
9.Bxc6 Rb8 10.Nc3 Bb7 11.Bxb7 Rxb7 12.Rb1 c5 13.dxc5 Bxc5 14.Qc2 Qc7 15.Bg5 Nd5
16.Rfd1 Bxf2+ 17.Kxf2 Qc5+ 18.Kg2 Nxc3 19.Qxc3 Qxg5 20.Qxc4 Qe5 21.Rd2 Rc7
22.Qf4 Qa5 23.b4 Qb6 24.b5 Rc5 25.a4 Rfc8 26.Rd6 Qa5 27.Ra6 Qc3 28.Rxa7 Rf5
29.Rc1  1-0

[Event "Grand Prix CCAS"]
[Site "Cap D'Agde FRA"]
[Date "2008.10.26"]
[Round "2"]
[White "Collas,D"]
[Black "Delort,F"]
[Result "1-0"]
[WhiteElo "2451"]
[BlackElo "2217"]

1.Nf3 d5 2.c4 e6 3.g3 Nf6 4.Bg2 dxc4 5.Qa4+ Nbd7 6.O-O c5 7.Qxc4 a6 8.d3 Bd6
9.Qc2 Rb8 10.b3 b5 11.Bb2 Bb7 12.Nbd2 O-O 13.Rac1 Qb6 14.Qb1 e5 15.Rfd1 Nd5
16.a3 f6 17.e3 Rfe8 18.d4 Rbd8 19.Ne4 cxd4 20.exd4 Bb8 21.Nc5 e4 22.Nxb7 Qxb7
23.Nh4 e3 24.fxe3 Rxe3 25.Re1 Rxe1+ 26.Rxe1 N7b6 27.Nf5 Qd7 28.Qe4 Bd6 29.Bh3 Qc7
30.Rc1 Qb8 31.Qe6+ Kh8 32.Nxd6 Rxd6 33.Rc8+ Qxc8 34.Qxd6 Qe8 35.Be6 h6 36.Kf2 Nc7
37.d5 Qb8 38.Kf3 a5 39.Bd4  1-0

[Event "WYCC Boys U14"]
[Site "Vung Tau City VIE"]
[Date "2008.10.26"]
[Round "7"]
[White "Swiercz,D"]
[Black "Bajarani,U"]
[Result "1/2-1/2"]
[WhiteElo "2478"]
[BlackElo "2232"]

1.Nf3 d5 2.c4 c6 3.e3 g6 4.Nc3 Nf6 5.b3 Bg7 6.Bb2 O-O 7.Be2 Bg4 8.O-O Re8
9.d4 Nbd7 10.Rc1 a6 11.h3 Bxf3 12.Bxf3 e6 13.Rc2 b5 14.Qe2 Nb6 15.cxd5 cxd5
16.Rfc1 Rc8 17.a4 bxa4 18.Nxa4 Rxc2 19.Qxc2 Nxa4 20.bxa4 Bf8 21.Bc3 Qa8 22.Ba5 Ba3
23.Ra1 Rc8 24.Qd3 Be7 25.Be2 Ne4 26.Be1 a5 27.Rb1 Kg7 28.f3 Nd6 29.Qa6 Qxa6
30.Bxa6 Rc2 31.Bxa5 Nf5 32.Bd3 Ra2 33.Bxf5 gxf5 34.Bc7 Rxa4 35.Bf4 h5 36.Rb2 Rb4
37.Ra2 Rb6 38.Kh2 Bd6 39.Bxd6 Rxd6 40.Kg3 Rd8 41.Kf4 Kg6 42.h4 Rg8 43.Ke5 Rb8
44.Rc2 Rb6 45.Kf4 f6 46.Rc8 Rb4 47.Rg8+ Kf7 48.Ra8 Kg6 49.Kg3 Rb3 50.Kf2 Rb2+
51.Kf1 Rb1+ 52.Kf2 Rb2+ 53.Kg3 Rb3 54.Kf2 Rb2+ 55.Kg3 Rb3 56.Kf4 Rb4 57.Rg8+ Kf7
58.Rc8 Kg6 59.Rg8+ Kf7 60.Ra8 Kg6 61.Rg8+ Kf7 62.Ra8 Kg6 63.Rg8+  1/2-1/2

[Event "Vasylyshyn Mem"]
[Site "Lviv UKR"]
[Date "2008.10.27"]
[Round "10"]
[White "Margvelashvili,G"]
[Black "Geller,J"]
[Result "1/2-1/2"]
[WhiteElo "2478"]
[BlackElo "2511"]

1.Nf3 d5 2.c4 e6 3.d4 Nf6 4.e3 c6 5.Nbd2 Nbd7 6.Bd3 Bd6 7.O-O O-O 8.e4 e5
9.cxd5 cxd5 10.Re1 Re8 11.exd5 exd4 12.Ne4 Nxe4 13.Rxe4 Rxe4 14.Bxe4 Qb6
15.Nxd4 Nf6 16.Bf5 Bc5 17.Be3 Qxb2 18.Rc1 Bd6 19.a4  1/2-1/2

[Event "WYCC Boys U18"]
[Site "Vung Tau City VIE"]
[Date "2008.10.27"]
[Round "8"]
[White "Bizopoulos,A"]
[Black "Mustafaev,J"]
[Result "0-1"]
[WhiteElo "2150"]
[BlackElo "2393"]

1.Nf3 d5 2.c4 c6 3.b3 Nf6 4.g3 Bf5 5.Bg2 Nbd7 6.Bb2 e6 7.O-O Bd6 8.d3 Bg6
9.Nbd2 O-O 10.Qc2 Qe7 11.e3 Nc5 12.Bxf6 Qxf6 13.e4 dxe4 14.Nxe4 Bxe4 15.dxe4 a5
16.Rad1 e5 17.Rd2 Bc7 18.Rfd1 Rfd8 19.h4 Rxd2 20.Rxd2 Rd8 21.Nh2 Rxd2 22.Qxd2 Qd6
23.Qxd6 Bxd6 24.Ng4 Nd3 25.Bf1 Nc1 26.c5 Bxc5 27.Nxe5 Bd4 28.Nf3 Bc3 29.a3 h6
30.b4 axb4 31.axb4 Bxb4 32.Ne5 Bc3 33.f4 Bxe5 34.fxe5 Kf8 35.Kf2 Ke7 36.Ke3 Nb3
37.Bh3 Nc5 38.Bc8 Kd8 39.Bf5 Ne6 40.Kd3 b5 41.Kc3 c5 42.Kb3 Nd4+ 43.Kc3 Nc6
44.e6 f6 45.Bg4 Ke7  0-1

[Event "WYCC Boys U18"]
[Site "Vung Tau City VIE"]
[Date "2008.10.28"]
[Round "9"]
[White "Darini,P"]
[Black "Matlakov,M"]
[Result "1/2-1/2"]
[WhiteElo "2263"]
[BlackElo "2490"]

1.Nf3 d5 2.c4 e6 3.g3 Nf6 4.b3 Be7 5.Bb2 O-O 6.Bg2 b6 7.O-O Bb7 8.e3 c5 9.Qe2 Nc6
10.d3 Qc7 11.Nc3 Rad8 12.Rfd1 Qb8 13.cxd5 exd5 14.d4 Rfe8 15.Ne5 Nb4 16.a3 Na6
17.Nb5 Bf8 18.Rac1 Ne4 19.Nd3 Bc6 20.Ne5 Bb7 21.Nd3 Bc6 22.Nf4 Qb7 23.Nh5 Nb8
24.a4 Nd7 25.dxc5 Ndxc5 26.Nd4 Bd7 27.Nf4 Bd6 28.Nd3 Be7 29.Ne5 Bf6 30.Nxd7 Qxd7
31.Qc2 Rc8 32.Qb1 Red8 33.Ba1 a5 34.Qa2 Na6 35.Qe2 Rxc1 36.Rxc1 Nac5 37.Rd1 h6
38.Qc2 Rc8 39.Rc1 Rc7 40.Nb5 Rc6 41.Nd4 Rc7 42.Qd1 Na6 43.Rxc7 Qxc7 44.Bb2 Nb4
45.Bf3 Nc5 46.Be2 Qe5 47.Bc3 Ne4 48.Bxb4 axb4 49.Bf3 Nc3 50.Qd3 Qc7 51.Kg2 Qc5
52.Nb5 Nxb5 53.axb5 d4 54.e4 Qc3 55.Be2 Qxd3 56.Bxd3 Be7 57.e5 f6 58.e6 Kf8
59.Kf3 Bc5 60.Ke4 Ke7 61.Kd5 Kd8 62.Ke4 Ke7 63.Kf5 Kf8 64.h4 Ke7  1/2-1/2

[Event "WYCC Boys U16"]
[Site "Vung Tau City VIE"]
[Date "2008.10.28"]
[Round "9"]
[White "Datu,A"]
[Black "Lee,K"]
[Result "1-0"]
[WhiteElo "2159"]
[BlackElo "1952"]

1.Nf3 d5 2.c4 e6 3.g3 Nf6 4.b3 Nbd7 5.Bg2 b6 6.O-O Bb7 7.Bb2 Be7 8.d3 O-O
9.Nbd2 c5 10.cxd5 exd5 11.d4 Re8 12.Rc1 Rc8 13.Bh3 Bd6 14.Re1 cxd4 15.Rxc8 Bxc8
16.Nxd4 Bc5 17.N2f3 Ne4 18.b4 Bd6 19.Nb5 Be5 20.Nxe5 Nxe5 21.Bxc8 Qxc8 22.Qxd5 Qf5
23.Qd4 Ng5 24.Kh1 Qf6 25.Nd6 Re6 26.Rc1 Nd7 27.Rc8+ Nf8 28.Nf5 Qxd4 29.Nxd4 Re4
30.f3 Re7 31.b5 f6 32.Ba3 Rf7 33.h4  1-0

[Event "WYCC Boys U14"]
[Site "Vung Tau City VIE"]
[Date "2008.10.29"]
[Round "10"]
[White "Kantans,T"]
[Black "Moussard,J"]
[Result "0-1"]
[WhiteElo "2146"]
[BlackElo "2293"]

1.Nf3 d5 2.c4 d4 3.g3 c5 4.Bg2 Nc6 5.d3 e5 6.O-O Bd6 7.Na3 Nge7 8.Nc2 O-O
9.a3 a5 10.b3 h6 11.Bd2 f5 12.Rb1 Ng6 13.b4 axb4 14.axb4 e4 15.Nfe1 Qe7 16.bxc5 Bxc5
17.e3 Rd8 18.exd4 Nxd4 19.dxe4 fxe4 20.Ne3 Ne5 21.Nd5 Rxd5 22.cxd5 Bg4 23.f3 exf3  0-1

[Event "Corus Internet Qualifier"]
[Site "ICC INT"]
[Date "2008.11.01"]
[Round "1.1"]
[White "Giri,A"]
[Black "Salgado Lopez,I"]
[Result "1/2-1/2"]
[WhiteElo "2466"]
[BlackElo "2556"]

1.Nf3 d5 2.c4 d4 3.g3 Nc6 4.Bg2 Nf6 5.O-O e5 6.d3 Nd7 7.e3 Be7 8.exd4 exd4
9.Nbd2 Nc5 10.Nb3 Ne6 11.Re1 Bf6 12.Nc5 O-O 13.Nxe6 Bxe6 14.Bf4 Qd7 15.b4 Nxb4
16.Rb1 c5 17.Ne5 Bxe5 18.Rxe5 Qe7 19.a3 Nc6 20.Bxc6 bxc6 21.h4 f6 22.Re2 Rfe8
23.Reb2 Qf7 24.Rb7 Qg6 25.h5 Qg4 26.Qxg4 Bxg4 27.h6 gxh6 28.Rc7 Be2 29.Rb3 Bf3
30.Kf1 Re6 31.Rbb7 Be2+ 32.Ke1 Bxd3+ 33.Kd2 Bg6 34.Rg7+ Kh8 35.Rge7 Rxe7
36.Rxe7 a6 37.Bd6 d3 38.Bxc5 Rb8 39.Bd4 Kg8 40.Bxf6 Rb3 41.Rg7+ Kf8 42.Ra7 Rb1
43.Rxa6 Kf7 44.Rxc6 Be4 45.Rd6 Rb3 46.Bc3 Rxa3 47.f3 Ra2+ 48.Ke3 Re2+ 49.Kf4 Bg6
50.Rd4 Rc2 51.Bb4 Ke6 52.Rd6+ Kf7 53.Rd7+ Ke6 54.Rd6+ Kf7 55.Rd4 Ke6 56.Rd6+ Kf7
57.Rd4  1/2-1/2

[Event "Corus Internet Qualifier"]
[Site "ICC INT"]
[Date "2008.11.01"]
[Round "1.3"]
[White "Giri,A"]
[Black "Salgado Lopez,I"]
[Result "0-1"]
[WhiteElo "2466"]
[BlackElo "2556"]

1.Nf3 d5 2.c4 d4 3.g3 Nc6 4.Bg2 e5 5.d3 Nf6 6.O-O Nd7 7.e3 Be7 8.exd4 exd4
9.Na3 O-O 10.Nc2 Nc5 11.b4 Ne6 12.a3 Bf6 13.Re1 Re8 14.Bb2 a6 15.Qd2 Bd7
16.a4 Ng5 17.Nxg5 Bxg5 18.f4 Bf6 19.b5 axb5 20.axb5 Rxa1 21.Bxa1 Rxe1+ 22.Qxe1 Ne7
23.Bxb7 Nf5 24.Be4 h5 25.Qf2 h4 26.Nxd4 hxg3 27.hxg3 Nh6 28.Nb3 Ng4 29.Qc5 Bxa1
30.Nxa1 Qf6 31.Nc2 Qh6 32.Bg2 Qh2+ 33.Kf1 Qxg3 34.Bd5 Qxd3+ 35.Ke1 Qxc2 36.Bf3 Qc1+
37.Ke2 Qxf4 38.Qe7 Qe5+ 39.Qxe5 Nxe5 40.Bd5 c6 41.bxc6 Bxc6  0-1

[Event "TCh-BEL 2008-9"]
[Site "Belgium BEL"]
[Date "2008.11.02"]
[Round "3"]
[White "Laurent,Ju"]
[Black "Vedder,H"]
[Result "1-0"]
[WhiteElo "2337"]
[BlackElo "2358"]

1.Nf3 d5 2.c4 d4 3.g3 g6 4.Bg2 Bg7 5.O-O e5 6.d3 Nc6 7.e3 Nge7 8.exd4 exd4
9.Bf4 O-O 10.Qd2 a5 11.Na3 Bf5 12.Nc2 Qd7 13.Rfe1 Rfe8 14.b3 Kh8 15.a3 Ng8
16.Rxe8 Rxe8 17.Re1 Rxe1+ 18.Nfxe1 b6 19.Qe2 Nd8 20.Be5 c5 21.Bxg7+ Kxg7
22.Qe5+ Nf6 23.Qb8 Qe7 24.Qxb6 Ng4 25.Bf1 Ne6 26.Qxa5 h5 27.Qd2 Ne5 28.f4 Ng4
29.h3 Nh6 30.b4 g5 31.fxg5 Nxg5 32.bxc5 Bxh3 33.Bxh3 Nxh3+ 34.Kg2 Ng5 35.c6 Nf5
36.c7 Nd6 37.Nxd4 Kg6 38.Nef3 f6 39.Nxg5 fxg5 40.Qe2 Qxc7 41.Qe6+ Kh7 42.Nf3 g4
43.Ng5+ Kg7 44.Qe5+ Kg6 45.Ne4  1-0

[Event "FSGM November"]
[Site "Budapest HUN"]
[Date "2008.11.02"]
[Round "2"]
[White "Varga,Zo"]
[Black "Ilincic,Z"]
[Result "1/2-1/2"]
[WhiteElo "2494"]
[BlackElo "2542"]

1.Nf3 d5 2.c4 c6 3.d4 Nf6 4.Nc3 e6 5.cxd5 exd5 6.Bg5 Be7 7.Qc2 O-O 8.Bxf6 Bxf6
9.e3 a5 10.Be2 Na6 11.O-O Re8 12.h3 g6 13.a3 Bf5 14.Bd3  1/2-1/2

[Event "Pan-American Continental"]
[Site "Boca Raton USA"]
[Date "2008.11.03"]
[Round "3"]
[White "Hortillosa,A"]
[Black "Terry,R"]
[Result "0-1"]
[WhiteElo "2199"]
[BlackElo "2349"]

1.Nf3 d5 2.c4 d4 3.d3 Nc6 4.g3 e5 5.a3 a5 6.Bg2 f6 7.Qc2 Nge7 8.O-O Nf5 9.Re1 Bc5
10.Nbd2 O-O 11.Ne4 Be7 12.c5 g5 13.Qc4+ Kh8 14.g4 Ng7 15.h3 Be6 16.Qc2 Bd5
17.b3 Ne6 18.Nfd2 Nf4 19.Bf1 Qd7 20.Ng3 Be6 21.e3 dxe3 22.fxe3 Rad8 23.exf4 Qd4+
24.Kh2 gxf4 25.Nf3 fxg3+ 26.Kxg3 Qxa1 27.Bb2 Qa2 28.Nd2 Nd4 29.Qc3 Nxb3 30.Ne4 Nxc5
31.Nxc5 Bxc5 32.Qxc5 Qxb2 33.Qxa5  0-1

[Event "21st Belgrade Trophy"]
[Site "Obrenovac SRB"]
[Date "2008.11.04"]
[Round "8"]
[White "Nenezic,M"]
[Black "Petrovic,ZoZ"]
[Result "1-0"]
[WhiteElo "1987"]
[BlackElo "2149"]

1.Nf3 d5 2.c4 e6 3.cxd5 exd5 4.g3 Nf6 5.Bg2 Be7 6.O-O O-O 7.d3 c6 8.b3 Bg4
9.Nbd2 a5 10.Bb2 Nbd7 11.Qc2 a4 12.Rfc1 Qb6 13.bxa4 Qa5 14.Nb3 Qxa4 15.h3 Bh5
16.Nh4 Rfe8 17.Re1 Bb4 18.Bc3 Bxc3 19.Qxc3 Re5 20.Nf3 Re7 21.Nbd2 Rae8 22.e3 Bg6
23.Nh4 Qa6 24.Nxg6 hxg6 25.Nb3 Ra8 26.Reb1 Ne8 27.Qb4 Kf8 28.Nc5 Nxc5 29.Qxc5 Qa3
30.Rb4 Nc7 31.Qd4 Nb5 32.Qh4 Rd7 33.Qh8+ Ke7 34.Qh4+ f6 35.Rg4 Qxd3 36.e4 Qc3
37.Rf1 g5 38.Qh7 Kd6 39.exd5 cxd5 40.Rd1 Ke6 41.Qg6 Qe5 42.Rd3 Ra3 43.Qe8+ Re7
44.Qxb5 Rxd3 45.Qxd3 Qa1+ 46.Kh2 Qxa2 47.Qe3+ Kf7 48.Qf3 Re5 49.Rd4 Ke6 50.Rb4 Qa6
51.Qb3 Qe2 52.Rb6+ Kf5 53.Qf3+ Kg6 54.Qxe2 Rxe2 55.Kg1 Re1+ 56.Bf1 d4 57.Rxb7 Rd1
58.Rb3 Ra1 59.Kg2 Ra4 60.Bd3+ Kf7 61.Kf3 Ra7 62.Rb4 Rd7 63.Ke4 Re7+ 64.Kxd4 Re1
65.Rb2 Rh1 66.Bf5 g6 67.Rb7+ Kg8 68.Bxg6 Rxh3 69.Bf5 Rh2 70.Ke3 Rh1 71.Kf3 Re1
72.Be4 g4+ 73.Kf4 Re2 74.f3 gxf3 75.Bxf3 Re5 76.Rd7 Kf8 77.Rd5 Re1 78.Kf5 Rf1
79.Rd3 Ke7 80.Kg6 Rg1 81.g4 Re1 82.Rd4 Rf1 83.Rf4  1-0

[Event "21st Belgrade Trophy"]
[Site "Obrenovac SRB"]
[Date "2008.11.04"]
[Round "8"]
[White "Grujicic,Z"]
[Black "Sekulovic,D"]
[Result "1-0"]
[WhiteElo "2066"]
[BlackElo "1797"]

1.Nf3 d5 2.c4 c6 3.cxd5 Qxd5 4.Nc3 Qd8 5.d4 Nf6 6.e4 e6 7.Be2 Be7 8.O-O O-O
9.h3 Nbd7 10.Qc2 Re8 11.Bf4 Nf8 12.Rfd1 Qa5 13.Bd2 Qb6 14.Bg5 h6 15.Be3  1-0

[Event "Pan-American Continental"]
[Site "Boca Raton USA"]
[Date "2008.11.07"]
[Round "9"]
[White "Figler,I"]
[Black "Santarius,E"]
[Result "1-0"]
[WhiteElo "2322"]
[BlackElo "2213"]

1.Nf3 d5 2.c4 e6 3.g3 Nf6 4.Bg2 a6 5.b3 Be7 6.Bb2 O-O 7.O-O c5 8.cxd5 exd5
9.d4 b6 10.Ne5 Bb7 11.dxc5 bxc5 12.Nc3 Ra7 13.Na4 Qd6 14.Rc1 Nbd7 15.Nxd7 Nxd7
16.Ba3 Qc6 17.Qd2 Rd8 18.Rfd1 Qb5 19.Qe3 Bf6 20.Bxd5 Bxd5 21.Rxd5 Raa8 22.Rcd1 Bd4
23.Qf3 Ne5 24.Rxd8+ Rxd8 25.Qe4 f5 26.Qc2 Ng4 27.Bxc5 Bxf2+ 28.Bxf2 Re8 29.Nc3 Qc6
30.Qd3 Qh6 31.h4 Rf8 32.Qd5+ Kh8  1-0

[Event "38th Olympiad w"]
[Site "Dresden GER"]
[Date "2008.11.19"]
[Round "6"]
[White "Yueh, Elsa Wei Chung"]
[Black "Sanchez Castillo,S"]
[Result "0-1"]
[WhiteElo "1612"]
[BlackElo "2206"]

1.Nf3 d5 2.c4 Nf6 3.d4 c6 4.Bf4 dxc4 5.e3 b5 6.b3 Qa5+ 7.Qd2 Qxd2+ 8.Nbxd2 c3
9.Nb1 Nd5 10.a3 Bf5 11.Be2 e6 12.Ne5 c2 13.Nd2 Bxa3 14.O-O Bb2 15.g4 Bg6
16.Nxg6 hxg6 17.Ne4 Bxa1 18.Rxa1 Nxf4 19.exf4 Na6 20.f3 Nb4 21.Nf2 Ke7 22.Nd3 Nxd3
23.Bxd3 Rhd8 24.Bxc2 Rxd4 25.Ra6 Kd7 26.f5 gxf5 27.gxf5 exf5 28.Bxf5+ Kc7
29.Be4 Rd6 30.Ra2 Kb6 31.Rg2 Rd1+  0-1

[Event "38th Olympiad"]
[Site "Dresden GER"]
[Date "2008.11.19"]
[Round "6"]
[White "Suppthong,P"]
[Black "Sharify,A"]
[Result "0-1"]
[WhiteElo "1966"]
[BlackElo "2118"]

1.Nf3 d5 2.c4 e6 3.g3 Nf6 4.Bg2 c5 5.O-O Nc6 6.b3 Be7 7.d3 O-O 8.Re1 d4 9.e4 e5
10.h3 Bd7 11.Nbd2 h6 12.Nf1 Nh7 13.Kh2 a5 14.g4 Ng5 15.Ng3 Nxf3+ 16.Qxf3 Bg5
17.Nf5 Bxc1 18.Raxc1 g6 19.Ng3 a4 20.Rb1 Nb4 21.Re2 axb3 22.axb3 Kg7 23.Rd2 Qg5
24.Qd1 Ra3 25.Ne2 Rfa8 26.f4 exf4 27.Ng1 Qh4 28.Nf3 Qg3+ 29.Kh1 Ra2 30.Rdb2 h5
31.Ne5 f3 32.Nxf3 hxg4 33.hxg4 Bxg4 34.Qf1 Rxb2 35.Rxb2 Bxf3 36.Kg1 Bxg2
37.Rxg2 Qe3+ 38.Kh1 Rh8+ 39.Rh2 Rxh2+ 40.Kxh2 Nxd3 41.Qa1 Qf2+ 42.Kh3 Qf3+
43.Kh2 Nf4 44.Qa2 d3 45.Qb2+ Kh7  0-1

[Event "9th Open"]
[Site "Liberec CZE"]
[Date "2008.11.19"]
[Round "6"]
[White "Novotny,L"]
[Black "Mojzis,Jan"]
[Result "0-1"]
[WhiteElo "1948"]
[BlackElo "2157"]

1.Nf3 d5 2.c4 e6 3.d4 c5 4.cxd5 exd5 5.Nc3 Nc6 6.Bf4 Nf6 7.e3 c4 8.Be2 Be7
9.O-O Nh5 10.b3 Nxf4 11.exf4 Bb4 12.Rc1 Ba3 13.bxc4 Bxc1 14.Qxc1 dxc4 15.d5 Ne7
16.Nb5 a6 17.Qa3 axb5 18.Qxa8 O-O 19.Rd1 Nxd5 20.a4 Qc7 21.Rxd5 Be6 22.Qxf8+ Kxf8
23.Rxb5 c3  0-1

[Event "TCh-AUT 2nd Bundesliga Ost 2008-9"]
[Site "Austria AUT"]
[Date "2008.11.22"]
[Round "4"]
[White "Wiedner,R"]
[Black "Zetthofer,G"]
[Result "1-0"]
[WhiteElo "2189"]
[BlackElo "2273"]

1.Nf3 d5 2.c4 c6 3.e3 Nf6 4.Nc3 Nbd7 5.cxd5 Nxd5 6.d4 N7f6 7.Bd3 Bg4 8.h3 Bh5
9.Qb3 Qb6 10.Ne5 Qxb3 11.axb3 Nb4 12.Bb1 e6 13.Bd2 a6 14.f4 Rd8 15.g4 Bg6
16.e4 Rxd4 17.f5 Nxe4 18.Nxe4 exf5 19.Nxg6 hxg6 20.gxf5 gxf5 21.Nf2 Bc5 22.Bc3 Rf4
23.Nd3 Nxd3+ 24.Bxd3 O-O 25.O-O-O Re8 26.Rde1 Rd8 27.Bc2 Bb4 28.Rhf1 Bxc3
29.bxc3 Rxf1 30.Rxf1 g6 31.Rf3 Kg7 32.Bd3 Kf6 33.Kd2 c5 34.Ke2 b5 35.Bc2 a5
36.Bd3 Rb8 37.Rf1 b4 38.Ra1 bxc3 39.Bc4 Ke5 40.Bxf7 g5 41.Rxa5 Kd4 42.Ra4+ Rb4
43.Ra7 Ke5 44.Bc4 Rb6 45.Re7+ Kf4 46.Re3 c2 47.Rf3+ Ke4 48.Bd3+ Kd4 49.Bxc2 f4
50.Rd3+ Ke5 51.Kf3 Rf6 52.Kg4 Rf8 53.Rf3 Rg8 54.Bf5 Rg7 55.Rc3 Kd4 56.Rd3+ Ke5
57.Rd8 Rf7 58.Bg6 Rb7 59.Rd3 Kf6 60.Be4 Rb4 61.Bd5 Rb8 62.Bc4 Rf8 63.Rd5  1-0

[Event "38th Olympiad"]
[Site "Dresden GER"]
[Date "2008.11.22"]
[Round "9"]
[White "Waqar,M"]
[Black "Sveshnikov,E"]
[Result "0-1"]
[WhiteElo "2207"]
[BlackElo "2525"]

1.Nf3 d5 2.c4 e6 3.g3 dxc4 4.Qa4+ Bd7 5.Qxc4 c5 6.Bg2 Nc6 7.O-O Rc8 8.d3 Nf6
9.Nc3 a6 10.a4 Be7 11.Bf4 Na5 12.Qa2 Bc6 13.Rfd1 Nd5 14.e4 Nb4 15.Qb1 Nb3
16.Ra3 Nd4 17.Rd2 f6 18.Qd1 O-O 19.Be3 e5 20.Na2 Nxa2 21.Rxa2 Qd7 22.h4 Qe6
23.Ra3 Bd7 24.Rc3 Rc6 25.Kh2 Rd8 26.Ng1 Qf7 27.Bh3 Be8 28.b3 Kh8 29.Rb2 Rb6
30.Rb1 Bf8 31.Nf3 Nxf3+ 32.Qxf3 Bxa4 33.Bxc5 Bxc5 34.Rxc5 Rxb3 35.Rxb3 Bxb3
36.Rc3 Ba4 37.Qe3 Bc6 38.Qb6 Re8 39.Bg2 Qd7 40.Qe3 a5 41.Rc4 a4 42.d4 exd4
43.Rxd4 Qe7 44.Rd3 Ra8 45.e5 Bxg2 46.Kxg2 a3 47.e6 a2 48.Rd7 Qe8  0-1

[Event "TCh-AUT 2nd Bundesliga Ost 2008-9"]
[Site "Austria AUT"]
[Date "2008.11.23"]
[Round "5"]
[White "Hangweyrer,M"]
[Black "Rumpl,E"]
[Result "1/2-1/2"]
[WhiteElo "2338"]
[BlackElo "2310"]

1.Nf3 d5 2.c4 c6 3.g3 Nf6 4.Bg2 g6 5.O-O Bg7 6.cxd5 cxd5 7.d4 O-O 8.Ne5 e6
9.Nc3 Nfd7 10.f4 f6 11.Nf3 f5 12.Be3 Nc6 13.Rc1 Nf6 14.Ne5 Bd7 15.Kh1 Qe7
16.Na4 Rfc8 17.Nc5 Be8 18.Qd2 b6 19.Ncd3 Ne4 20.Qe1  1/2-1/2

[Event "38th Olympiad"]
[Site "Dresden GER"]
[Date "2008.11.23"]
[Round "10"]
[White "Farazi,K"]
[Black "Kropff,R"]
[Result "0-1"]
[WhiteElo "2207"]
[BlackElo "2286"]

1.Nf3 d5 2.c4 e6 3.d4 Nf6 4.e3 Be7 5.b3 O-O 6.Bd3 c5 7.O-O cxd4 8.exd4 b6
9.Be3 Nbd7 10.Nbd2 Bb7 11.h3 Rc8 12.Qe2 Re8 13.Rfd1 Ne4 14.Rac1 Bd6 15.cxd5 Nc3
16.Rxc3 Rxc3 17.Ne4 Rxd3 18.Qxd3 Bb8 19.Neg5 Nf6 20.dxe6 fxe6 21.Ne5 Qd5
22.Ngf3 Rd8 23.Qc4 Rc8 24.Qxd5 Nxd5 25.Ne1 Nc3 26.Ra1 Ne2+ 27.Kh1 Rd8 28.N1f3 Bxe5
29.Nxe5 Nxd4 30.Rc1 Nb5 31.a4 Nd6 32.Rc7 h6 33.a5 bxa5 34.Bxa7 Bd5 35.Bb6 Rb8
36.Nd7 Rb7 37.Bxa5 Rxb3 38.Bb6 Rxh3+ 39.Kg1 Rh4 40.Bc5 Nf5 41.Ne5 Re4 42.Nf3 Rg4
43.Ne1 Bxg2 44.Nxg2 Nh4 45.Bd6 Rxg2+ 46.Kf1 Rg6 47.Bg3 Nf5 48.Be5 h5 49.Rc3 Rg4
50.f3 Ra4 51.Kg2 Rc4 52.Ra3 Rc2+ 53.Kh3 Re2 54.Bf4 Kf7 55.Bg5 Kg6 56.Bf4 Kf6
57.Ra8 Rf2 58.Ra3 g5 59.Bc1 Kg6 60.Rd3 Rxf3+ 61.Rxf3 g4+ 62.Kh2 gxf3 63.Kg1 e5
64.Bf4 exf4  0-1

[Event "38th Olympiad"]
[Site "Dresden GER"]
[Date "2008.11.23"]
[Round "10"]
[White "Cicak,S"]
[Black "Khruschiov,A"]
[Result "1-0"]
[WhiteElo "2564"]
[BlackElo "2499"]

1.Nf3 d5 2.c4 e6 3.e3 Nf6 4.b3 c5 5.Bb2 Nc6 6.cxd5 exd5 7.Bb5 Bd6 8.O-O O-O
9.Bxc6 bxc6 10.d3 Bg4 11.Nbd2 a5 12.a4 Nd7 13.Rc1 f6 14.Qc2 Qe7 15.Ba3 Rfc8
16.Rfe1 Qf8 17.h3 Be6 18.d4 cxd4 19.Bxd6 Qxd6 20.Nxd4 c5 21.Nb5 Qb8 22.e4 d4
23.Nc4 Nb6 24.Ncd6 Rc6 25.Nf5 Bxf5 26.exf5 Rc8 27.Re6 h6 28.Qe4 Kh7 29.Nd6 Rd8
30.Nb7 Rd7 31.Nxc5 Rc7 32.Nd3 Rxc1+ 33.Nxc1 Qc7 34.Nd3 Rd8 35.Qg4 Nd5 36.Re4 Nc3
37.Qg6+ Kg8 38.Re8+ Rxe8 39.Qxe8+ Kh7 40.Qe6 Na2 41.g3 Nb4 42.Nf4 d3 43.Qe8 Qc1+
44.Kg2 d2 45.Qg6+ Kh8 46.Ne6 Qc6+ 47.Kh2 Qd7 48.Nf8  1-0

[Event "Young Stars of the World"]
[Site "Kirishi RUS"]
[Date "2008.11.27"]
[Round "11"]
[White "Shimanov,A"]
[Black "Firat,B"]
[Result "1-0"]
[WhiteElo "2476"]
[BlackElo "2237"]

1.Nf3 d5 2.c4 c6 3.e3 Nf6 4.Nc3 e6 5.Qc2 Nbd7 6.b3 Be7 7.Bb2 O-O 8.Be2 b6
9.O-O Bb7 10.Rac1 Rc8 11.Qb1 Re8 12.d4 c5 13.dxc5 Bxc5 14.cxd5 Nxd5 15.Nxd5 Bxd5
16.Ba6 Rb8 17.e4 Bb7 18.Bxb7 Rxb7 19.b4 Bf8 20.Nd4 Ne5 21.f4 Ng6 22.Nc6 Qh4
23.g3 Qh5 24.Qd3 Rc7 25.Rc2 Qh3 26.Rd1 Rec8 27.b5 Bc5+ 28.Kh1 h5 29.Rcd2 h4
30.Qf3 hxg3 31.Rg2 Bf8 32.Rxg3 Qh6 33.Bc1 Nh4 34.Qe2 a6 35.f5 Qh7 36.Bf4 axb5
37.Bxc7 Rxc7 38.Nd4 exf5 39.Rh3 fxe4 40.Qg4 Be7 41.Rg1 Bf6 42.Qf4 Bd8 43.Qd6 Rc8
44.Qd7 Ra8 45.Qe8+  1-0

[Event "21st Belgrade Trophy"]
[Site "Obrenovac SRB"]
[Date "2008.11.27"]
[Round "1"]
[White "Gavrilovic,L"]
[Black "Karadarevic,S"]
[Result "1-0"]
[WhiteElo "2188"]
[BlackElo "1814"]

1.Nf3 d5 2.c4 e6 3.g3 Nf6 4.Bg2 c6 5.O-O Nbd7 6.Qc2 Ne4 7.d3 Nd6 8.e4 dxc4
9.dxc4 Be7 10.Rd1 Qa5 11.e5 Nxe5 12.Nxe5 Qxe5 13.Bf4 Qc5 14.Nd2 Qf5 15.Qa4 O-O
16.Rac1 e5 17.Be3 Be6 18.Qa5 Rfe8 19.a4 b6 20.Qc3 Rac8 21.c5 bxc5 22.Bxc5 Bd5
23.Bxa7 Ra8 24.Be3 Rxa4 25.Bxd5 cxd5 26.Qc6 Ra5 27.Bc5 Rc8 28.Qxd5 Ne8 29.b4 Rd8
30.Qe4 Qxe4 31.Nxe4 Rxc5 32.bxc5 Rc8 33.Rb1 f5 34.Nd6 Nxd6 35.cxd6 Bf6 36.Rb7 Rd8
37.f3 h5 38.h4 f4 39.Kg2 Kh7 40.Rc7 Kg6 41.d7 Kf7 42.Rc8 Ke7 43.Rxd8 Kxd8
44.gxf4 exf4 45.Rd5 g6 46.Kh3 Be7 47.Rd4 Kc7 48.Rd1 Kd8 49.Rg1 Kxd7 50.Rxg6 Bd6
51.Rh6 Ke7 52.Rxh5  1-0

[Event "TCh-HUN 2008-9"]
[Site "Mako HUN"]
[Date "2008.11.30"]
[Round "3"]
[White "Szalai,K"]
[Black "Videki,S"]
[Result "1/2-1/2"]
[WhiteElo "2308"]
[BlackElo "2428"]

1.Nf3 d5 2.c4 c6 3.cxd5 cxd5 4.d4 Nc6 5.Nc3 Nf6 6.Bf4 a6 7.e3 Bg4 8.Be2 e6
9.O-O Be7 10.Rc1 O-O 11.h3 Bxf3 12.Bxf3 Rc8 13.Bg5 b5 14.Ne2 Qb6 15.Bxf6 Bxf6
16.Nf4 Be7 17.Bg4 Na7 18.Qb3 Rc4 19.Be2 Rxc1 20.Rxc1 Rc8  1/2-1/2